000 00791nam a2200229Ia 4500
005 20230824103200.0
008 210716s1992 xx 000 0 und d
020 _a8185623791
040 _cAIMIT LIBRARY
041 _aeng
082 _a005.11FP
_21
_bCHAB
100 _aChambers, Bill.
_9130765
245 _aFoxpro 2 business and MIS applications /
_cBy Bill Chambers and Series Editor Leventhal, Lance A.
250 _a1st ed.
260 _aNew Delhi :
_bGalgotia Publication Pvt Ltd ,
_c1992.
300 _axxix,388p. ;
650 _aManagement information system
_9130766
650 _aRequirements analysis and database design
_9130767
650 _aProgram design and coding
_9130768
700 _aLeventhal, Lance A ;ed.
_9130769
942 _2ddc
_cBK
_e1st ed.
_k005.11 FP CHAB
999 _c182404
_d182404